Cine montaje : preparación y montaje de las películas de 8, 9,5 y 16 mm. / P. Mouchon preparación y montaje de las películas de 8, 9,5 y 16 mm. / P. Mouchon
Descripción Física:
59 p. ; 17 cm
Colección:
Foto biblioteca
Materias:
Cinematografia (Tècnica)
MARC
| LEADER | 00000nam a2200000Ia 4500 | ||
|---|---|---|---|
| 001 | 13199 | ||
| 008 | 160829s9999 xx 000 0 cat d | ||
| 080 | |a B-1-391 | ||
| 100 | |a Mouchon, P. |9 37257 | ||
| 245 | |a Cine montaje : |b preparación y montaje de las películas de 8, 9,5 y 16 mm. / P. Mouchon | ||
| 260 | |a Barcelona : |b Omega, cop 1956 | ||
| 300 | |a 59 p. ; |c 17 cm | ||
| 490 | |a Foto biblioteca | ||
| 650 | |a Cinematografia (Tècnica) |9 25146 | ||
| 901 | |a Arxiu | ||
| 942 | |n 1 | ||
| 952 | |0 0 |1 0 |4 0 |6 B1391 |7 1 |9 47772 |a Arxiu |b Arxiu |d 2016-12-01 |l 0 |o B-1-391 |p 13199 |r 2016-12-01 00:00:00 |w 2016-12-01 |y ARXIU | ||
| 999 | |c 51571 |d 51571 | ||